00465nam a2200157Ia 450000500170000000800410001708200130005810000170007124500360008826000280012430000130015250000220016594200060018795200990019399900150029220250313141357.0240331s9999 xx 000 0 und d bGOWa894 aGowthaman, R 0aEmpathukalil Tamil kalachcharam aBangalorebKaavyac1992 a124 p ., aResearch Articles cL 001040708LaWERCLbWERCLcSSCd2024-03-31l0o 894.811 GOWp2134r2024-03-31w2024-03-31yL c3869d3869